书目信息 |
| 题名: |
朝花夕拾
|
|
| 作者: | 鲁迅 著 | |
| 分册: | ||
| 出版信息: | 北京 外文出版社 2002 |
|
| 页数: | 191页 | |
| 开本: | 19cm | |
| 丛书名: | ||
| 单 册: | ||
| 中图分类: | H339.4 , I210.4 | |
| 科图分类: | ||
| 主题词: | 鲁迅散文--德语--汉语--对照读物 , CT--S049227--鲁迅散文 | |
| 电子资源: | ||
| ISBN: | 7-119-02974-6 | |
| 000 | 00770nam0 2200265 45 | |
| 001 | 012002041722 | |
| 005 | 20070805101019.32 | |
| 010 | @a7-119-02974-6@dCNY12.00 | |
| 035 | @a(011001)c2002035967 | |
| 100 | @a20020520d2002 em y0chiy0110 ea | |
| 101 | 2 | @achi@ager@cchi |
| 102 | @aCN@b110000 | |
| 105 | @ay z 000cy | |
| 106 | @ar | |
| 200 | 1 | @a朝花夕拾@Azhao hua xi shi@e德汉对照读物@Ede han dui zhao dou wu@f[鲁迅著]@F[ lu xun zhu ] |
| 210 | @a北京@c外文出版社@d2002 | |
| 215 | @a191页@d19cm | |
| 510 | 1 | @aMorgenblute abends gepfluckt@zger |
| 606 | 0 | @a鲁迅散文@x德语@x汉语@j对照读物 |
| 606 | 0 | @2CT@3S049227@a鲁迅散文 |
| 690 | @aH339.4@v4 | |
| 690 | @aI210.4@v4 | |
| 701 | 0 | @a鲁迅@Alu xun@4著 |
| 801 | 0 | @aCN@bNLC@c20070805 |
| 905 | @dH339.4@e212 | |
| 朝花夕拾:德汉对照读物/[鲁迅著].-北京:外文出版社,2002 |
| 191页;19cm |
| ISBN 7-119-02974-6:CNY12.00 |
| ● |
| 相关链接 |
|
|
|
|
正题名:朝花夕拾
索取号:H339.4/212
 
预约/预借
| 序号 | 登录号 | 条形码 | 馆藏地/架位号 | 状态 | 备注 |
| 1 | 0852422 | 208524220 | 第二样本阅览室/ [索取号:H339.4/212] | 在馆 | |
| 2 | 0852423 | 208524239 | 第四借阅区/ [索取号:H339.4/212] | 在馆 | |
| 3 | 0852424 | 208524248 | 第四借阅区/ [索取号:H339.4/212] | 在馆 |